000 01282nam a22002657a 4500
001 9843
003 FISKH
005 20260304121618.0
008 260304b cb ||||| |||| 00| 0 eng d
020 _a9781407145624
040 _aFISKH
_beng
_cFISKH
_dFISKH
082 _a823.92
100 _aLongstaff , Abie
245 _aWe're having a super baby /
_cWritten by Abie Longstaff : Illustrated by Jane Massey
250 _aFirst published in 2015
260 _aNew York :
_bScholastic ,
_c2015 .
300 _a31 unnumbered pages :
_bcolor illustrations ;
_c27 cm .
505 _aF
520 _aPICTURE STORYBOOKS. A little boy excitedly awaits the birth of a new sibling. He can't wait to play with the baby. But when his little sister arrives he is disappointed to find that she doesn't do much at first. But he knows that she's going to be special - he just has wait. Sure enough, one day he discovers that she isn't just special - she's SUPER! This warm and funny celebration of the special bond between a brother and sister is the perfect picture book for parents to share with expectant siblings. Ages 0+
521 8 _a300
_bLexile BR
521 8 _aF
_bRaz-Plus
700 _aMassey , JAne
_eIllustrator
942 _2ddc
_cBK
_n0
999 _c9843
_d9843